| 000 | 00409nam a22001697a 4500 | ||
|---|---|---|---|
| 005 | 20160622115952.0 | ||
| 008 | 160622b xxu||||| |||| 00| 0 eng d | ||
| 020 | _a81-86314-30-x | ||
| 041 | _aeng | ||
| 082 | _b8992 | ||
| 100 |
_aShewalkar, Dr. R.C and others _92490 |
||
| 245 | _aPrinciples and Practice of management | ||
| 260 |
_bEPH _c2008 |
||
| 300 | _a285 | ||
| 650 |
_aManagement _9241 |
||
| 942 | _cBK | ||
| 999 |
_c3542 _d3541 |
||